| 000 | 00819nam a2200229Ii 4500 | ||
|---|---|---|---|
| 003 | JO-AjNU | ||
| 008 | 230605s9999||||xx |||||||||||||| ||und|| | ||
| 017 | _a2013/5/1557 | ||
| 020 | _a978-9957-16-819-3 | ||
| 040 |
_aJO-AjNU _bara _erda _cJO-AjNU |
||
| 041 | _aara | ||
| 050 | 1 | 4 | _aK1005.4.M86.2014 |
| 100 | 3 |
_aالمقدادي، عادل علي , _eauthor _950739 |
|
| 245 | 0 | 0 | _aالقانون التجاري : المبادئ العامة وفقا لأحكام قانون التجارة العماني |
| 250 | _aط1 | ||
| 264 | 3 | 1 | _aعمان : دار الثقافة ، 2014 |
| 300 | _a295ص | ||
| 336 |
_atext _btxt _2rdacontent |
||
| 337 |
_aunmediated _bn _2rdamedia |
||
| 338 |
_avolume _bnc _2rdacarrier |
||
| 650 | 4 |
_aالقانون التجاري -- الأعمال التجارية -- عمان _950740 |
|
| 999 |
_aA22369 _c25937 _d25937 |
||